[Event "POL-ch U18 Girls"]
[Site "Szklarska Poreba"]
[Date "2016.03.20"]
[Round "9"]
[White "Konopacka, Martyna"]
[Black "Burakowska, Gabriela"]
[Result "1/2-1/2"]
[WhiteElo "1905"]
[BlackElo "1765"]
[PlyCount "119"]
[EventDate "2016.03.13"]
[EventType "swiss"]
[EventRounds "9"]
[EventCountry "POL"]
[SourceTitle "EXT 2018"]
[Source "ChessBase"]
[SourceDate "2017.10.13"]
[SourceVersion "1"]
[SourceVersionDate "2017.10.13"]
[SourceQuality "1"]

1. e4 c5 2. Nc3 Nc6 3. g3 g6 4. Bg2 Bg7 5. d3 d6 6. Be3 Rb8 7. Qd2 b5 8. Nge2 b4 9. Nd1 Nd4 10. 0-0 e6 11. c3 bxc3 12. bxc3 Nxe2+ 13. Qxe2 Ne7 14. Rc1 0-0 15. f4 Qa5 16. g4 f5 17. Qf2 Ba6 18. c4 g5 19. gxf5 exf5 20. Qg3 fxe4 21. Qxg5 Nf5 22. Bxe4 Bc8 23. Rc2 Be6 24. Rg2 Rf7 25. Bd2 Qd8 26. Qxd8+ Rxd8 27. Bc3 Kf8 28. Bxg7+ Nxg7 29. Rf3 Nf5 30. Bxf5 Bxf5 31. Nc3 Ke7 32. Kf2 Rb8 33. Ke3 Kd7 34. Nd5 Kc6 35. Rfg3 Bg6 36. h4 Re8+ 37. Kd2 Rb8 38. Kc3 Rb1 39. Rg1 Rbb7 40. Rg5 Bf5 41. Ne3 Bd7 42. f5 Bc8 43. Rf1 Rbe7 44. Nd5 Re2 45. f6 Bd7 46. Rg7 Be6 47. Rfg1 Rxa2 48. Rxf7 Bxf7 49. Ne7+ Kd7 50. Rg7 Ke6 51. Nd5 h5 52. Rg1 Rf2 53. Ra1 Kf5 54. Ne3+ Kxf6 55. Rxa7 Rh2 56. Ra1 Be6 57. Rf1+ Ke5 58. Re1 Kf6 59. Rf1+ Ke5 60. Re1 1/2-1/2

[Event "POL-ch U18 Girls"]
[Site "Szklarska Poreba"]
[Date "2016.03.13"]
[Round "1"]
[White "Konopacka, Martyna"]
[Black "Ostrowska, Joanna"]
[Result "1-0"]
[WhiteElo "1905"]
[BlackElo "1682"]
[PlyCount "116"]
[EventDate "2016.03.13"]
[EventType "swiss"]
[EventRounds "9"]
[EventCountry "POL"]
[SourceTitle "EXT 2018"]
[Source "ChessBase"]
[SourceDate "2017.10.13"]
[SourceVersion "1"]
[SourceVersionDate "2017.10.13"]
[SourceQuality "1"]

1. e4 e6 2. d4 d5 3. exd5 exd5 4. Bd3 Nf6 5. Nf3 Bd6 6. 0-0 0-0 7. Nbd2 Nh5 8. c4 Nf4 9. Bc2 c6 10. Re1 Bg4 11. c5 Bc7 12. Nf1 Qf6 13. Re3 Na6 14. h3 Bh5 15. Ng3 Bg6 16. Bxg6 fxg6 17. Qe1 g5 18. Bd2 Qg6 19. Qf1 g4 20. hxg4 Qxg4 21. Rae1 Qg6 22. b4 Nh5 23. Nxh5 Qxh5 24. Ne5 Rf4 25. g4 Qe8 26. Qg2 Rxd4 27. Bc3 Re4 28. Rxe4 dxe4 29. Qxe4 Bxe5 30. Bxe5 Qf7 31. Bd6 Rc8 32. a3 Nc7 33. Qe7 Re8 34. Qxf7+ Kxf7 35. Rxe8 Nxe8 36. Bb8 a6 37. Kg2 Nf6 38. f3 Nd5 39. Be5 Ne3+ 40. Kg3 Nc2 41. Bb2 Ne1 42. f4 Nd3 43. Bc3 g6 44. Kf3 h5 45. Ke3 h4 46. Kf3 Ke6 47. Bd2 Kd5 48. Kg2 Ke4 49. Kh3 Nxf4+ 50. Bxf4 Kxf4 51. Kxh4 Kf3 52. Kg5 Kg3 53. Kxg6 Kxg4 54. Kf6 Kf4 55. Ke6 Ke4 56. Kd6 Kd4 57. Kc7 a5 58. Kxb7 Ke4 1-0

[Event "POL-chT U19 2nd League"]
[Site "Iwonicz"]
[Date "2015.08.01"]
[Round "5.62"]
[White "Klementowski, Dawid"]
[Black "Konopacka, Martyna"]
[Result "0-1"]
[WhiteElo "1737"]
[BlackElo "1833"]
[PlyCount "72"]
[EventDate "2015.07.25"]
[EventType "team-swiss"]
[EventRounds "11"]
[EventCountry "POL"]
[SourceTitle "EXT 2019"]
[Source "ChessBase"]
[SourceDate "2018.10.10"]
[SourceVersion "1"]
[SourceVersionDate "2018.10.10"]
[SourceQuality "1"]
[WhiteTeam "Rybnik MKSz U19 II"]
[BlackTeam "Jaworzno JKSz MCKiS U19"]
[WhiteTeamCountry "POL"]
[BlackTeamCountry "POL"]

1. c4 e5 2. g3 Nc6 3. Bg2 g6 4. Nc3 Bg7 5. e3 Nge7 6. Nge2 Nf5 7. d3 d6 8. Rb1 Be6 9. b4 Qd7 10. b5 Nd8 11. Ba3 0-0 12. 0-0 Re8 13. Qa4 Ne7 14. Nd5 a6 15. Qa5 b6 16. Nxb6 cxb6 17. Qxb6 Nc8 18. Qa5 Nb7 19. Qd2 d5 20. Nc3 axb5 21. Nxb5 Ncd6 22. Bxd6 Nxd6 23. cxd5 Bg4 24. Nxd6 Qxd6 25. e4 Qa3 26. Rb2 Rec8 27. Rfb1 Bd7 28. Bf3 Bf8 29. Bd1 Bc5 30. Bb3 Bd4 31. Rc2 Rxc2 32. Qxc2 Rc8 33. Bc4 Ba4 34. Qe2 Kg7 35. Qf3 Rc5 36. Rb7 Qc1+ 0-1

[Event "POL-chT U19 2nd League"]
[Site "Iwonicz"]
[Date "2015.08.01"]
[Round "10.26"]
[White "Konopacka, Martyna"]
[Black "Krawiec, Grzegorz"]
[Result "1-0"]
[WhiteElo "1833"]
[BlackElo "1682"]
[PlyCount "65"]
[EventDate "2015.07.25"]
[EventType "team-swiss"]
[EventRounds "11"]
[EventCountry "POL"]
[SourceTitle "EXT 2019"]
[Source "ChessBase"]
[SourceDate "2018.10.10"]
[SourceVersion "1"]
[SourceVersionDate "2018.10.10"]
[SourceQuality "1"]
[WhiteTeam "Jaworzno JKSz MCKiS U19"]
[BlackTeam "Legnica Miedz U19"]
[WhiteTeamCountry "POL"]
[BlackTeamCountry "POL"]

1. e4 c5 2. Nc3 a6 3. g3 b5 4. Bg2 Bb7 5. d3 e6 6. Nge2 Nf6 7. 0-0 d5 8. e5 Ng4 9. f4 Nh6 10. h3 Nf5 11. Qe1 h5 12. Kh2 Nc6 13. Nd1 Nb4 14. Qd2 h4 15. g4 Ng3 16. Rf2 Nc6 17. Ne3 Qc7 18. Nf1 Nxf1+ 19. Rxf1 g5 20. d4 gxf4 21. c3 f6 22. Nxf4 fxe5 23. Nxe6 Qd6 24. Rf6 e4+ 25. Kh1 Qe7 26. Qf4 Bg7 27. Nc7+ Kd8 28. Rf7 Bh6 29. Qf5 Qxc7 30. Rxc7 Kxc7 31. Bxh6 Rxh6 32. Qf4+ Rd6 33. dxc5 1-0

[Event "POL-chT U19 2nd League"]
[Site "Iwonicz"]
[Date "2015.08.01"]
[Round "8.50"]
[White "Konopacka, Martyna"]
[Black "Radecki, Adam"]
[Result "1/2-1/2"]
[WhiteElo "1833"]
[BlackElo "1579"]
[PlyCount "121"]
[EventDate "2015.07.25"]
[EventType "team-swiss"]
[EventRounds "11"]
[EventCountry "POL"]
[SourceTitle "EXT 2019"]
[Source "ChessBase"]
[SourceDate "2018.10.10"]
[SourceVersion "1"]
[SourceVersionDate "2018.10.10"]
[SourceQuality "1"]
[WhiteTeam "Jaworzno JKSz MCKiS U19"]
[BlackTeam "Rydultowy Ognisko U19 II"]
[WhiteTeamCountry "POL"]
[BlackTeamCountry "POL"]

1. e4 c5 2. Nc3 Nc6 3. g3 g6 4. Bg2 Bg7 5. d3 d6 6. Be3 e6 7. Qd2 Rb8 8. Nge2 b6 9. 0-0 Nd4 10. Nd1 Bb7 11. h3 Ne7 12. f4 0-0 13. g4 f5 14. Ng3 d5 15. gxf5 exf5 16. e5 Ne6 17. Bf2 Qc7 18. Nc3 a6 19. Nce2 h6 20. c3 Kh7 21. d4 c4 22. Kh2 g5 23. Nh5 Ng6 24. Bf3 Qf7 25. Rg1 Bc6 26. Rg2 Rg8 27. Rag1 Rbf8 28. Kh1 Kh8 29. Qc1 Kh7 30. b3 b5 31. Qa3 Bb7 32. Nxg7 Qxg7 33. Bg3 Qf7 34. Bh5 Qd7 35. b4 Rg7 36. Qc1 Rfg8 37. Qc2 Ne7 38. Bg4 Rf8 39. Rf1 Kh8 40. Bh5 Rfg8 41. Rfg1 Ba8 42. Bf2 Bb7 43. Be3 Bc8 44. Qd2 gxf4 45. Nxf4 Nxf4 46. Bxf4 Rxg2 47. Rxg2 Rxg2 48. Qxg2 Qe6 49. Kh2 Kh7 50. Qg3 Ng6 51. h4 Bd7 52. Bf3 Bc6 53. h5 Nxf4 54. Qxf4 Bd7 55. Bg2 Bc8 56. Bh3 Kg7 57. Kg2 Qf7 58. Qg3+ Kh7 59. Qh4 Qg7+ 60. Kf3 Qg5 61. Qxg5 1/2-1/2

[Event "POL-chT U19 2nd League"]
[Site "Szczyrk"]
[Date "2014.08.02"]
[Round "11.29"]
[White "Maciak, Gabriela"]
[Black "Konopacka, Martyna"]
[Result "1/2-1/2"]
[WhiteElo "1385"]
[BlackElo "1715"]
[PlyCount "99"]
[EventDate "2014.07.25"]
[EventType "team-swiss"]
[EventRounds "11"]
[EventCountry "POL"]
[SourceTitle "EXT 2015"]
[Source "ChessBase"]
[SourceDate "2014.11.20"]
[SourceVersion "1"]
[SourceVersionDate "2014.11.20"]
[SourceQuality "1"]
[WhiteTeam "Legnica Miedz U19"]
[BlackTeam "Jaworzno JKSz MCKiS U19"]
[WhiteTeamCountry "POL"]
[BlackTeamCountry "POL"]

1. e4 e5 2. Nf3 Nc6 3. Bc4 Bc5 4. c3 Nf6 5. d4 exd4 6. cxd4 Bb4+ 7. Bd2 Bxd2+ 8. Nbxd2 d5 9. exd5 Nxd5 10. Qb3 Nce7 11. 0-0 0-0 12. Rfe1 c6 13. Ne4 Qb6 14. Qa3 Bg4 15. Ne5 Be6 16. Nc5 Rad8 17. Rad1 Nf5 18. Nxe6 fxe6 19. Nf3 Rf6 20. Rd3 Nf4 21. Rb3 Qc7 22. Qxa7 Nd6 23. Bf1 Rg6 24. g3 Nd5 25. Ne5 Rf6 26. Rc1 Qe7 27. Qc5 Rxf2 28. Nc4 Rf7 29. Nxd6 Qxd6 30. Qxd6 Rxd6 31. Re1 Re7 32. a3 Nf6 33. Rd3 Kf7 34. Kg2 Red7 35. Red1 Rd5 36. h3 Rf5 37. Be2 g6 38. Bf3 h5 39. b4 Rd8 40. Be2 Ne4 41. Bf3 Ng5 42. Be2 Ke7 43. Re3 Rdf8 44. g4 hxg4 45. Bxg4 R5f6 46. h4 Nf7 47. d5 cxd5 48. Rxd5 Rd8 49. Rb5 Rd7 50. Rc5 1/2-1/2

[Event "POL-chT U19 2nd League"]
[Site "Szczyrk"]
[Date "2014.07.31"]
[Round "9.59"]
[White "Dwilewicz, Agata"]
[Black "Konopacka, Martyna"]
[Result "0-1"]
[WhiteElo "1540"]
[BlackElo "1715"]
[PlyCount "54"]
[EventDate "2014.07.25"]
[EventType "team-swiss"]
[EventRounds "11"]
[EventCountry "POL"]
[SourceTitle "EXT 2015"]
[Source "ChessBase"]
[SourceDate "2014.11.20"]
[SourceVersion "1"]
[SourceVersionDate "2014.11.20"]
[SourceQuality "1"]
[WhiteTeam "Wroclaw KS Polonia U19 II"]
[BlackTeam "Jaworzno JKSz MCKiS U19"]
[WhiteTeamCountry "POL"]
[BlackTeamCountry "POL"]

1. e4 e5 2. Nf3 Nc6 3. d4 exd4 4. Nxd4 Bc5 5. Nb3 Bb6 6. Nc3 Nge7 7. a4 a6 8. Be2 d6 9. a5 Ba7 10. 0-0 0-0 11. Kh1 f5 12. exf5 Bxf5 13. Be3 Be6 14. Nd4 Bxd4 15. Bxd4 Nf5 16. Be3 Nxe3 17. fxe3 Qg5 18. e4 Rxf1+ 19. Bxf1 Rf8 20. Qe1 Ne5 21. Be2 Qe3 22. Qg1 Qd2 23. Rc1 Bg4 24. Qe1 Qf4 25. Bd3 c6 26. Ne2 Bxe2 27. Qxe2 Qxc1+ 0-1

[Event "POL-chT U19 2nd League"]
[Site "Szczyrk"]
[Date "2014.07.27"]
[Round "4.41"]
[White "Konopacka, Martyna"]
[Black "Sekowska, Helena"]
[Result "1/2-1/2"]
[WhiteElo "1715"]
[BlackElo "1489"]
[PlyCount "90"]
[EventDate "2014.07.25"]
[EventType "team-swiss"]
[EventRounds "11"]
[EventCountry "POL"]
[SourceTitle "EXT 2015"]
[Source "ChessBase"]
[SourceDate "2014.11.20"]
[SourceVersion "1"]
[SourceVersionDate "2014.11.20"]
[SourceQuality "1"]
[WhiteTeam "Jaworzno JKSz MCKiS U19"]
[BlackTeam "Wroclaw MUKS MDK Srodmiescie U19 II"]
[WhiteTeamCountry "POL"]
[BlackTeamCountry "POL"]

1. e4 c5 2. Nc3 Nc6 3. g3 e6 4. Bg2 g6 5. d3 Bg7 6. Be3 d6 7. Qd2 Rb8 8. f4 Nge7 9. Nf3 Nd4 10. 0-0 0-0 11. Ne1 b5 12. Nd1 a5 13. c3 Ndc6 14. g4 f5 15. gxf5 exf5 16. Bf3 b4 17. Qg2 Rb6 18. Rf2 Bd7 19. Rc1 a4 20. e5 dxe5 21. Bxc5 Rb5 22. Bd6 exf4 23. Re2 Ne5 24. d4 Nxf3+ 25. Nxf3 Re8 26. Bxf4 Nd5 27. Bg5 Rxe2 28. Qxe2 Bf6 29. Bxf6 Nxf6 30. Qc4+ Kg7 31. Ne5 Nd5 32. Rc2 b3 33. Rg2 bxa2 34. Qxa2 Qh4 35. Nf2 Qh6 36. Qxa4 Nxc3 37. Qc2 Ra5 38. Rg3 Ra1+ 39. Kg2 Nd5 40. Nfd3 Ne3+ 41. Rxe3 Qxe3 42. Qf2 Qg5+ 43. Qg3 Qd2+ 44. Qf2 Qg5+ 45. Qg3 Qd2+ 1/2-1/2

[Event "POL Olympiad U14"]
[Site "Walbrzych"]
[Date "2013.??.??"]
[Round "8.5"]
[White "Konopacka, Martyna"]
[Black "Kaniewska, Emilia"]
[Result "0-1"]
[WhiteElo "1674"]
[BlackElo "1677"]
[PlyCount "72"]
[EventDate "2013.04.??"]
[EventType "team-swiss"]
[EventRounds "9"]
[EventCountry "POL"]
[SourceTitle "EXT 2014"]
[Source "ChessBase"]
[SourceDate "2013.11.20"]
[SourceVersion "1"]
[SourceVersionDate "2013.11.20"]
[SourceQuality "1"]

1. e4 c5 2. Nc3 a6 3. g3 b5 4. Bg2 Bb7 5. d3 e6 6. Qe2 Be7 7. f4 Nc6 8. Nf3 b4 9. Nd1 d5 10. e5 Nh6 11. Ne3 0-0 12. 0-0 Nd4 13. Qf2 Rb8 14. a3 a5 15. h3 Nxf3+ 16. Bxf3 f6 17. exf6 Rxf6 18. Ng4 Nxg4 19. Bxg4 e5 20. Qe2 e4 21. Re1 Rf8 22. Be6+ Kh8 23. axb4 cxb4 24. dxe4 Qb6+ 25. Be3 Qxe6 26. Rxa5 Qxh3 27. Bf2 dxe4 28. Rh5 Qd7 29. Rd1 Qc6 30. Bd4 Qg6 31. Qh2 e3 32. Re1 Bf3 33. Ra5 e2 34. Ra7 Bf6 35. Bf2 Bxb2 36. Re7 Rb5 0-1

[Event "POL Olympiad U14"]
[Site "Walbrzych"]
[Date "2013.??.??"]
[Round "4.7"]
[White "Konopacka, Martyna"]
[Black "Sobczak, Marta"]
[Result "1-0"]
[WhiteElo "1674"]
[BlackElo "1516"]
[PlyCount "145"]
[EventDate "2013.04.??"]
[EventType "team-swiss"]
[EventRounds "9"]
[EventCountry "POL"]
[SourceTitle "EXT 2014"]
[Source "ChessBase"]
[SourceDate "2013.11.20"]
[SourceVersion "1"]
[SourceVersionDate "2013.11.20"]
[SourceQuality "1"]

1. e4 e6 2. d4 d5 3. exd5 exd5 4. Bd3 c5 5. dxc5 Bxc5 6. Nf3 Nc6 7. 0-0 Nge7 8. Nbd2 Bg4 9. c3 h6 10. b4 Bd6 11. Re1 0-0 12. h3 Bh5 13. Qb3 Bg6 14. Bxg6 Nxg6 15. a3 Rc8 16. Bb2 Nf4 17. c4 dxc4 18. Nxc4 b5 19. Nxd6 Qxd6 20. Ne5 Nd4 21. Bxd4 Qxd4 22. Qf3 Rc3 23. Rad1 Rxf3 24. Rxd4 Nxh3+ 25. gxh3 Rxa3 26. Kg2 Rc8 27. Rd7 f6 28. Ng4 h5 29. Ne3 Re8 30. Rc1 Re5 31. Rc8+ Kh7 32. h4 Ra2 33. Nd5 Ree2 34. Nf4 Rxf2+ 35. Kg3 Rf1 36. Nxh5 Rg1+ 37. Kf3 Rf1+ 38. Ke4 f5+ 39. Kd5 Rd1+ 40. Kc6 Rxd7 41. Kxd7 Rh2 42. Nf4 Rxh4 43. Nd5 Rd4 44. Ke6 Rd2 45. Rc5 a6 46. Kxf5 Rd4 47. Ke5 Rg4 48. Rc6 Rg5+ 49. Ke4 Rg4+ 50. Kf5 Rd4 51. Ke5 Rd1 52. Rxa6 Rd2 53. Rb6 g5 54. Rxb5 Rb2 55. Kf5 Rg2 56. Nf6+ Kh6 57. Ng4+ Kg7 58. Kxg5 Kf7 59. Re5 Rg3 60. b5 Rb3 61. Ne3 Rb4 62. Kf5 Rb3 63. Ke4 Rb4+ 64. Kd3 Kf6 65. Nd5+ Kxe5 66. Nxb4 Kd6 67. Kc4 Kc7 68. Kc5 Kb7 69. Nd5 Kc8 70. Kb6 Kb8 71. Nc7 Kc8 72. Na6 Kd7 73. Ka7 1-0

[Event "POL Olympiad U14"]
[Site "Walbrzych"]
[Date "2013.??.??"]
[Round "1.6"]
[White "Wierzbowska, Aleksandra"]
[Black "Konopacka, Martyna"]
[Result "0-1"]
[WhiteElo "1405"]
[BlackElo "1674"]
[PlyCount "78"]
[EventDate "2013.04.??"]
[EventType "team-swiss"]
[EventRounds "9"]
[EventCountry "POL"]
[SourceTitle "EXT 2014"]
[Source "ChessBase"]
[SourceDate "2013.11.20"]
[SourceVersion "1"]
[SourceVersionDate "2013.11.20"]
[SourceQuality "1"]

1. d4 d5 2. c4 e6 3. Nc3 c5 4. cxd5 exd5 5. Nf3 Nc6 6. g3 Nf6 7. Bg2 cxd4 8. Nxd4 Bc5 9. Nxc6 bxc6 10. Qa4 Qb6 11. 0-0 0-0 12. e3 Bd7 13. Qc2 Bd6 14. Rd1 g6 15. e4 Rac8 16. exd5 cxd5 17. Bxd5 Bg4 18. Rd2 Rfe8 19. Qb3 Re1+ 20. Kg2 Nxd5 21. Qxb6 axb6 22. Nxd5 Be6 23. Nc3 Bb4 24. a3 Be7 25. Re2 Rxe2 26. Nxe2 Bf6 27. Nc3 Bxc3 28. bxc3 Bd5+ 29. Kh3 Rxc3 30. Be3 b5 31. g4 g5 32. Rd1 Be6 33. Kg2 Rxa3 34. Rd8+ Kg7 35. Bxg5 Bxg4 36. Rd6 Bh3+ 37. Kg1 Ra1+ 38. Bc1 Rxc1+ 39. Rd1 Rxd1# 0-1

[Event "POL-chT U19 43th"]
[Site "Suchedniow"]
[Date "2012.07.??"]
[Round "9"]
[White "Konopacka, Martyna"]
[Black "Kiolbasa, Oliwia"]
[Result "0-1"]
[WhiteElo "1648"]
[BlackElo "1761"]
[PlyCount "76"]
[EventDate "2012.07.21"]
[EventType "team-tourn"]
[EventRounds "9"]
[EventCountry "POL"]
[SourceTitle "EXT 2014"]
[Source "ChessBase"]
[SourceDate "2013.11.20"]
[SourceVersion "1"]
[SourceVersionDate "2013.11.20"]
[SourceQuality "1"]
[WhiteTeam "Rybnik MKSz U19"]
[BlackTeam "Gorzow Wielkopolski Stilon U19"]
[WhiteTeamCountry "POL"]
[BlackTeamCountry "POL"]

1. e4 c5 2. Nc3 e6 3. g3 Nc6 4. Bg2 g6 5. d3 Bg7 6. f4 d6 7. Nf3 Nge7 8. 0-0 0-0 9. Be3 Nd4 10. Qd2 Nec6 11. Nd1 Rb8 12. c3 Nxf3+ 13. Bxf3 b6 14. Qg2 Qc7 15. Rc1 Bb7 16. g4 Ne7 17. f5 exf5 18. gxf5 Nc6 19. Be2 Qe7 20. h4 Kh8 21. Qh2 gxf5 22. Rxf5 Bc8 23. Rf2 Rg8 24. Rg2 Be5 25. Rxg8+ Kxg8 26. Qg2+ Kh8 27. Bg5 f6 28. Bh6 Be6 29. Kf1 Rg8 30. Qh1 Qf7 31. h5 f5 32. Nf2 fxe4 33. dxe4 Bf4 34. Bxf4 Qxf4 35. Rd1 Rf8 36. Qg1 Ne5 37. b3 Bh3+ 38. Ke1 Qe3 0-1

[Event "POL-chT U19 43th"]
[Site "Suchedniow"]
[Date "2012.07.??"]
[Round "3"]
[White "Marczuk, Anna"]
[Black "Konopacka, Martyna"]
[Result "1/2-1/2"]
[WhiteElo "1690"]
[BlackElo "1648"]
[PlyCount "87"]
[EventDate "2012.07.21"]
[EventType "team-tourn"]
[EventRounds "9"]
[EventCountry "POL"]
[SourceTitle "EXT 2014"]
[Source "ChessBase"]
[SourceDate "2013.11.20"]
[SourceVersion "1"]
[SourceVersionDate "2013.11.20"]
[SourceQuality "1"]
[WhiteTeam "Krakow KKSz 1893 U19"]
[BlackTeam "Rybnik MKSz U19"]
[WhiteTeamCountry "POL"]
[BlackTeamCountry "POL"]

1. e4 e5 2. Nf3 Nc6 3. Bb5 a6 4. Ba4 Nf6 5. 0-0 Nxe4 6. d4 b5 7. Bb3 d5 8. dxe5 Be6 9. Nbd2 Nc5 10. c3 g6 11. Re1 Bg7 12. Nf1 0-0 13. Bf4 Qd7 14. Ne3 Rad8 15. Nc2 Bf5 16. Ncd4 Nxd4 17. Nxd4 Nd3 18. Nxf5 Qxf5 19. Bc2 Qxf4 20. Bxd3 Bxe5 21. g3 Qf6 22. a4 d4 23. c4 bxc4 24. Bxc4 Rb8 25. Rb1 a5 26. Qd3 Rb4 27. b3 Qd6 28. Re2 Bf6 29. Rbe1 Rbb8 30. Rc1 Qa3 31. Rec2 c6 32. Qf3 Bg5 33. Rd1 Qd6 34. Bf1 c5 35. Bb5 Rbc8 36. Re2 Kg7 37. Qg4 Bf6 38. Qe4 Rc7 39. Qd3 Re7 40. Rc2 Rc7 41. Qd2 Qb6 42. Qf4 Rd8 43. Qf3 h6 44. Qd3 1/2-1/2

[Event "Solina Mind Sports U14 Girls op "]
[Site "Solina"]
[Date "2012.04.21"]
[Round "9"]
[White "Konopacka, Martyna"]
[Black "Dadello, Aleksandra"]
[Result "1-0"]
[WhiteElo "1669"]
[BlackElo "1844"]
[PlyCount "45"]
[EventDate "2012.04.15"]
[EventType "swiss"]
[EventRounds "9"]
[EventCountry "POL"]
[SourceTitle "EXT 2014"]
[Source "ChessBase"]
[SourceDate "2013.11.20"]
[SourceVersion "1"]
[SourceVersionDate "2013.11.20"]
[SourceQuality "1"]

1. e4 e5 2. Nf3 Nc6 3. Bc4 Bc5 4. c3 Nf6 5. d3 a6 6. Nbd2 Ba7 7. Bb3 0-0 8. h3 h6 9. Nf1 d5 10. Qe2 dxe4 11. dxe4 Qe7 12. Ng3 Be6 13. Bc2 Rad8 14. Nh2 b5 15. Qf3 Kh7 16. Ng4 Ng8 17. Nf5 Bxf5 18. exf5 Qe8 19. f6+ g6 20. Qg3 h5 21. Qh4 Kh8 22. Bh6 Nxh6 23. Qg5 1-0

[Event "Solina Mind Sports U14 Girls op "]
[Site "Solina"]
[Date "2012.04.18"]
[Round "5"]
[White "Konopacka, Martyna"]
[Black "Kozubal, Aleksandra"]
[Result "1-0"]
[WhiteElo "1669"]
[BlackElo "1432"]
[PlyCount "161"]
[EventDate "2012.04.15"]
[EventType "swiss"]
[EventRounds "9"]
[EventCountry "POL"]
[SourceTitle "EXT 2014"]
[Source "ChessBase"]
[SourceDate "2013.11.20"]
[SourceVersion "1"]
[SourceVersionDate "2013.11.20"]
[SourceQuality "1"]

1. e4 c5 2. b3 e6 3. Bb2 Nc6 4. f4 Nf6 5. Nc3 d6 6. Bb5 a6 7. Bxc6+ bxc6 8. Nf3 d5 9. e5 Nd7 10. d3 Nb6 11. 0-0 d4 12. Ne4 Nd5 13. Bc1 Be7 14. Bd2 Bb7 15. a3 a5 16. c4 dxc3 17. Nxc3 Ba6 18. Ne1 Qb6 19. Kh1 Rb8 20. Rb1 0-0 21. Qc2 f6 22. exf6 Bxf6 23. Na4 Qc7 24. Nxc5 Bc8 25. Qc4 Be7 26. Nc2 Bxc5 27. Qxc5 Ba6 28. Bxa5 Qd7 29. Qd4 c5 30. Qe4 Nf6 31. Qf3 Qxd3 32. Qc6 Rxb3 33. Qxe6+ Kh8 34. Qxb3 Qxb3 35. Rxb3 Bxf1 36. Ne3 Ba6 37. Bc3 Ne4 38. Be5 c4 39. Rb6 Ra8 40. Rc6 Bb5 41. Rc7 Nf2+ 42. Kg1 Nd3 43. Nxc4 Bxc4 44. Rxc4 Kg8 45. Rc3 Nxe5 46. fxe5 Re8 47. Re3 Kf7 48. Kf2 Ke6 49. h3 Rd8 50. Ke2 Rb8 51. Kd3 Rb3+ 52. Kd4 Rb2 53. g3 g6 54. Kc3 Rb8 55. a4 Rb7 56. Kc4 h6 57. a5 Rb8 58. Rb3 Rc8+ 59. Kd4 Rd8+ 60. Ke4 Rd1 61. Rb6+ Ke7 62. Rxg6 Re1+ 63. Kf4 Rf1+ 64. Kg4 Re1 65. Rxh6 Rxe5 66. a6 Ra5 67. Rh7+ Kd6 68. a7 Ra4+ 69. Kf5 Ra5+ 70. Kf6 Ra6 71. g4 Kd5+ 72. Kf5 Ra5 73. g5 Kd6+ 74. Kf6 Ra1 75. g6 Rf1+ 76. Kg5 Rg1+ 77. Kh4 Ra1 78. g7 Ra4+ 79. Kg5 Ra5+ 80. Kh6 Rxa7 81. g8Q 1-0

[Event "Solina Mind Sports U14 Girls op "]
[Site "Solina"]
[Date "2012.04.16"]
[Round "2"]
[White "Kowacz, Agnieszka"]
[Black "Konopacka, Martyna"]
[Result "1-0"]
[WhiteElo "1407"]
[BlackElo "1669"]
[PlyCount "51"]
[EventDate "2012.04.15"]
[EventType "swiss"]
[EventRounds "9"]
[EventCountry "POL"]
[SourceTitle "EXT 2014"]
[Source "ChessBase"]
[SourceDate "2013.11.20"]
[SourceVersion "1"]
[SourceVersionDate "2013.11.20"]
[SourceQuality "1"]

1. e4 e5 2. d4 exd4 3. Qxd4 Nc6 4. Qe3 Nf6 5. Nc3 Bb4 6. Bd2 Qe7 7. Bd3 d6 8. Nge2 0-0 9. 0-0-0 Bc5 10. Qg3 Ne5 11. f4 Nxd3+ 12. Qxd3 c6 13. h3 b5 14. g4 b4 15. g5 bxc3 16. gxf6 cxd2+ 17. Rxd2 Qxf6 18. f5 Rb8 19. c3 d5 20. Qg3 Ba6 21. Nf4 Bd6 22. Rg1 Bxf4 23. Qxf4 Bc4 24. e5 Qe7 25. f6 Qe6 26. Qh6 1-0

[Event "EU-ch U12 Girls"]
[Site "Albena"]
[Date "2011.09.18"]
[Round "7"]
[White "Kaniewska, Emilia"]
[Black "Konopacka, Martyna"]
[Result "1/2-1/2"]
[WhiteElo "1666"]
[BlackElo "1618"]
[PlyCount "45"]
[EventDate "2011.09.11"]
[EventType "swiss"]
[EventRounds "9"]
[EventCountry "BUL"]
[SourceTitle "CBM 144 Extra"]
[Source "ChessBase"]
[SourceDate "2011.10.28"]
[SourceVersion "1"]
[SourceVersionDate "2011.10.28"]
[SourceQuality "1"]

1. Nf3 d5 2. b3 Nf6 3. Bb2 Bf5 4. e3 e6 5. c4 Nbd7 6. Be2 c6 7. 0-0 Bd6 8. d3 h6 9. Nbd2 0-0 10. Qc2 Qc7 11. Rfe1 Bh7 12. Rac1 Rac8 13. a3 Rfd8 14. b4 c5 15. Nb3 b6 16. b5 Ne5 17. Nxe5 Bxe5 18. Bxe5 Qxe5 19. Bf3 Qd6 20. Red1 Qc7 21. Qb2 d4 22. exd4 cxd4 23. Re1 1/2-1/2

[Event "POL-chT U19 42nd"]
[Site "Ustron"]
[Date "2011.??.??"]
[Round "8.18"]
[White "Konopacka, Martyna"]
[Black "Czaplewska, Klara"]
[Result "0-1"]
[WhiteElo "1646"]
[BlackElo "1586"]
[PlyCount "90"]
[EventDate "2011.06.24"]
[EventType "team-tourn"]
[EventRounds "9"]
[EventCountry "POL"]
[SourceTitle "EXT 2015"]
[Source "ChessBase"]
[SourceDate "2014.11.20"]
[SourceVersion "1"]
[SourceVersionDate "2014.11.20"]
[SourceQuality "1"]
[WhiteTeam "Rybnik MKSz U19"]
[BlackTeam "Koszalin Hetman Politechnika U19"]
[WhiteTeamCountry "POL"]
[BlackTeamCountry "POL"]

1. e4 e5 2. Nf3 Nc6 3. Bc4 Bc5 4. c3 Nf6 5. d3 d6 6. Bb3 a6 7. Nbd2 Be6 8. Bc2 d5 9. Qe2 Qe7 10. h3 0-0 11. Nf1 Rad8 12. Ng3 h6 13. Nh2 dxe4 14. dxe4 b5 15. Ng4 Nxg4 16. hxg4 Qd7 17. Nf5 Bc4 18. Qf3 Bd3 19. Nxh6+ gxh6 20. Bxh6 Bxc2 21. Qf6 Qxg4 22. Bd2 Qg7 23. Qxc6 Bxf2+ 24. Kxf2 Rxd2+ 25. Ke1 Qxg2 26. Rh8+ Kxh8 27. Qh6+ Kg8 28. Qxd2 Qxd2+ 29. Kxd2 Bxe4 30. Rg1+ Bg6 31. Ke3 Kg7 32. Rg5 f5 33. Rg1 f4+ 34. Ke2 e4 35. Kf2 Kf6 36. Rg4 Kf5 37. Rg1 Bf7 38. b3 e3+ 39. Ke1 f3 40. Rh1 Re8 41. Rh4 f2+ 42. Ke2 Kg5 43. Rd4 Bh5+ 44. Kf1 e2+ 45. Kg2 f1Q+ 0-1